Statistics for Pokémon starting with an I (generation 1-7)

Click here to take the quiz!

General Stats

  • This quiz has been taken 5 times
  • The average score is 4 of 6

Answer Stats

GenPokémon% Correct
2Igglybuff
100%
6Inkay
80%
1Ivysaur
80%
3Illumise
60%
4Infernape
60%
7Incineroar
40%

Score Distribution

Percentile by Number Answered

Percent of People with Each Score

Your Score History

You have not taken this quiz